| 000 | 00804nam a22002537a 4500 | ||
|---|---|---|---|
| 005 | 20250315113258.0 | ||
| 008 | 250315b ||||| |||| 00| 0 eng d | ||
| 020 | _a9781032967325 | ||
| 040 | _cAIMIT LIBRARY | ||
| 050 | _a1st ed. | ||
| 082 |
_21 _a658.4038011 _bBEHA |
||
| 100 |
_aBeheshti, Amin. _9206554 |
||
| 245 |
_aSocial data analytics / _cBy Amin Beheshti,...[et.al]. |
||
| 250 | _a1st ed. | ||
| 260 |
_aNew York : _bCRC Press , _c2022. |
||
| 300 |
_axii,238p. ; _bPB _c23.2 cm |
||
| 650 |
_aOrganizing social data _9206555 |
||
| 650 |
_aSummarizing social data _9206556 |
||
| 650 |
_aStoringtelling with social data _9206557 |
||
| 700 |
_aGhodratnama, Samira. _9206558 |
||
| 700 |
_aElahi, Mehdi. _9206559 |
||
| 700 |
_aFarhood, Helia. _9206560 |
||
| 942 |
_2ddc _cBK _e1st _k658.4038011 BEHA |
||
| 999 |
_c233963 _d233963 |
||